000 002940000a22001450004500
003 MACL
040 _aMACL
090 _c1587
_d1587
100 _aHande H V
245 _aKamba Ramayanam
260 _bBharatiya Vidya Bhavan
_c1996
350 _a750
650 _aPhilisophy
942 _cBOOK
_k170
999 _c1575
_d1575